| 000 | 00949nam a22001457a 4500 | ||
|---|---|---|---|
| 008 | 120831t xxu||||| |||| 00| 0 eng d | ||
| 020 | _a0079115942 | ||
| 050 | _aHM51.F32 | ||
| 100 | _aFeigelman, William | ||
| 245 |
_aHands on sociology: using computers to learn about society. / _cWilliam Feigelman |
||
| 260 |
_aNew York: _bMcGraw-Hill, _c1993. |
||
| 300 |
_av,151 p: _c25cm. |
||
| 505 | _aContents: Doing sociological research and using survey data -- How to use your student version of microcase with your computer -- Getting started: Analyzing the correlates of abortion attitudes -- Some finer points in doing crosstabulating analyses -- Culture -- Socialization -- Social satisfaction -- Race and ethnic relations -- Urbanization -- The American family -- Appendix A: Distribution of chi-square probabilities -- Appendix B: List of variable labels -- Appendix C: List of variables, descriptions, and values quick reference. | ||
| 942 |
_2lcc _cBK |
||
| 999 |
_c2286 _d9786 |
||